00511cam a22001934a 45000010009000000050017000090080041000260100017000670200028000840400018001120410008001300420008001380800011001460820019001571000007001761010008001832450062001915040064002531198678920180209035233.0000426s2001 nyua b 001 0 eng  a 00032979  a0765604736 (alk. paper) aDLCcDLCdDLC aeng apcc a338.8800a338.88 YAN2211 a19 aSHP10aInternational joint ventures :cAimin Yan and Yadong Luo. aIncludes bibliographical references (p. 293-306) and index.